000 01095cab a2200241 4500
001 ##L134579
008 060817n2006 000 0 eng u
035 _a(Sirsi) u134579
041 0 _aeng
100 1 _aRivers, Alison
245 0 4 _aThe appropriate circumstances
260 _c2006
490 0 _aEstates Gazette
_v(0632) 12 August 2006, 77(1)
520 _aConsiders recent case law that widens the principle on damages established in "Wrotham Park Estate Co Ltd v Parkside Homes Ltd" (ChD, [1974] 1 WLR 798) in 1973. Summarises the essential points on the determination of damages that have been set out by these cases.
590 _aIKA220806
650 2 4 _aAMEC DEVELOPMENTS LTD V JURY'S HOTEL MANAGEMENT (UK) LTD
650 2 4 _aLUNN POLY LTD AND ANOTHER V LIVERPOOL AND LANCASHIRE PROPERTIES LTD AND ANOTHER
650 2 4 _aATTORNEY GENERAL V BLAKE
650 2 4 _aWORLD WIDE FUND FOR NATURE V WORLD WRESTLING FEDERATION ENTERTAINMENT INC
651 4 _aEngland and Wales
_y1543-
690 _aPROPERTY-LEASEHOLD PROPERTY-LANDLORD AND TENANT-LEASES-BREACHING LEASES
942 _n0
999 _c77574
_d77574